Leteckej a vodnej doprave je súdené súkromné vlastníctvo
Slovensko a medzinárodný trh vodnej a leteckej dopravy. Slovenská plavba dunajská ako jediný štátny podnik vykazujúci zisk, jej účasť v medzinárodných spoločnostiach. Nevyriešený problém vrátenia tretiny námorných lodí býv. ČSFR.Ambiciózna letecká s.r.o. Air Terrex Slovakia. Leteckí dopravcovia sa v...
Salvato in:
| Autore principale: | |
|---|---|
| Altri autori: | |
| Natura: | Capitolo di libro |
| Lingua: | slovacco |
| Soggetti: | |
| Tags: |
Nessun Tag, puoi essere il primo ad aggiungerne!!
|
MARC
| LEADER | 00000naa a2200000 4500 | ||
|---|---|---|---|
| 001 | r014511 | ||
| 005 | 20221205080623.4 | ||
| 041 | 0 | |a slo | |
| 044 | |a SK | ||
| 245 | 1 | 0 | |a Leteckej a vodnej doprave je súdené súkromné vlastníctvo |c M. Slinčáková, G. Beer |
| 520 | |a Slovensko a medzinárodný trh vodnej a leteckej dopravy. Slovenská plavba dunajská ako jediný štátny podnik vykazujúci zisk, jej účasť v medzinárodných spoločnostiach. Nevyriešený problém vrátenia tretiny námorných lodí býv. ČSFR.Ambiciózna letecká s.r.o. Air Terrex Slovakia. Leteckí dopravcovia sa venujú nepravidelnej leteckej doprave, medzinárodné lietanie na základe reciprocity, sieť letísk na území SR, nevyužité bratislavské letisko. | ||
| 610 | 2 | 0 | |a doprava letecká |
| 610 | 2 | 0 | |a doprava vodná |
| 610 | 2 | 0 | |a Slovensko |
| 610 | 2 | 0 | |a Dunaj |
| 610 | 2 | 0 | |a Slovenská plavba dunajská |
| 610 | 2 | 0 | |a doprava námorná |
| 610 | 2 | 0 | |a lode |
| 610 | 2 | 0 | |a ČSFR |
| 610 | 2 | 0 | |a Air Terrex Slovakia |
| 610 | 2 | 0 | |a politika dopravná |
| 610 | 2 | 0 | |a financovanie |
| 100 | 1 | |a Slinčáková, M. | |
| 700 | 1 | |a Beer, Gabriel | |